Państwa Bliskiego Wschodu rozpoczynające się na samogłoski - Statystyki

Ogólne statystyki
  • Ten quiz został rozwiązany 48 razy
  • Średni wynik to 5 z 6
Statystyki odpowiedzi
Państwo % Poprawnych
Oman
98%
Iran
93%
Arabia Saudyjska
90%
Irak
90%
Izrael
79%
Egipt
74%
Nie znaleziono quizów pasujących do podanych kryteriów
Rozkład punktacji
Procent ludzi z każdym wynikiem
Percentyl według liczby udzielonych odpowiedzi
Twoja historia wyników
Nie rozwiązałeś tego quizu